Statistiken für Pokémon Hoenn Quiz [German]

Klicken Sie hier um das Quiz zu spielen!

Allgemein

  • Dieses Quiz wurde 385 mal gespielt
  • Das Durchschnittsergebnis liegt bei 82 aus 135

Antwortstatistiken

PokédexPokémon% Korrekt
255Flemmli
97%
258Hydropi
95%
256Jungglut
94%
260Sumpex
94%
254Gewaldro
93%
383Groudon
93%
382Kyogre
93%
257Lohgock
93%
253Reptain
91%
384Rayquaza
89%
252Geckarbor
88%
277Schwalboss
83%
386Deoxys
82%
276Schwalbini
82%
265Waumpel
81%
262Magnayen
79%
267Papinella
78%
377Regirock
78%
373Brutalanda
77%
261Fiffyen
77%
269Pudox
77%
378Regice
77%
379Registeel
77%
385Jirachi
76%
259Moorabbel
76%
371Kindwurm
74%
266Schaloko
74%
263Zigzachs
74%
372Draschel
73%
264Geradaks
71%
281Kirlia
71%
380Latias
71%
381Latios
71%
376Metagross
71%
268Panekon
70%
280Trasla
70%
310Voltenso
70%
374Tanhel
69%
282Guardevoir
68%
375Metang
68%
334Altaria
67%
323Camerupt
67%
270Loturzel
67%
322Camaub
66%
289Letarking
65%
304Stollunior
65%
319Tohaido
65%
333Wablu
65%
278Wingull
65%
330Libelldra
64%
273Samurzel
64%
287Bummelz
63%
272Kappalores
63%
279Pelipper
63%
305Stollrak
63%
337Lunastein
62%
288Muntier
62%
306Stolloss
62%
275Tengulist
62%
274Blanas
61%
297Hariyama
61%
328Knacklion
61%
312Minun
61%
324Qurtel
61%
338Sonnfel
61%
357Tropius
61%
329Vibrava
61%
309Frizelbliz
60%
271Lombrero
60%
296Makuhita
60%
311Plusle
60%
321Wailord
60%
354Banette
58%
293Flurmel
58%
320Wailmer
58%
295Krawumms
57%
349Barschwa
56%
286Kapilz
56%
285Knilz
56%
366Perlu
56%
350Milotic
55%
353Shuppet
55%
348Armaldo
54%
299Nasgnet
54%
363Seemops
54%
336Vipitis
54%
359Absol
53%
318Kanivanha
53%
335Sengo
53%
365Walraisa
53%
356Zwirrklop
53%
355Zwirrlicht
52%
362Firnontor
51%
332Noktuska
51%
327Pandir
51%
364Seejong
51%
331Tuska
51%
346Wielie
51%
345Liliep
50%
308Meditalis
50%
302Zobiris
50%
294Krakeelo
49%
290Nincada
49%
291Ninjask
49%
369Relicanth
49%
361Schneppke
49%
344Lepumentas
48%
307Meditie
48%
367Aalabyss
47%
292Ninjatom
47%
368Saganabyss
47%
347Anorith
46%
300Eneco
46%
303Flunkifer
46%
351Formeo
46%
343Puppance
46%
301Enekoro
44%
315Roselia
44%
298Azurill
43%
313Volbeat
41%
360Isso
40%
284Maskeregen
40%
314Illumise
39%
352Kecleon
39%
339Schmerbe
39%
340Welsar
39%
342Krebutack
38%
283Gehweiher
36%
326Groink
36%
341Krebscorps
36%
370Liebiskus
36%
316Schluppuck
36%
325Spoink
36%
358Palimpalim
33%
317Schlukwech
33%

Verteilung der Resultate

Perzentil nach korrekt beantworteten Fragen

Anzahl Personen mit jedem Resultat

Ihre Resultats-Entwicklung

Sie haben dieses Quiz noch nicht gespielt